Scott und die reiche Klientin /

Guardado en:
Bibliografiske detaljer
Hovedforfatter: Masur, Harold Q. (autor)
Format: Bog
Sprog:German
Udgivet: Munich, Alemania : Goldmann, 1964, c1964
Serier:(Goldman Tasken Krimi ; 3004)
Fag:
Tags: Tilføj Tag
Ingen Tags, Vær først til at tagge denne postø!

MARC

LEADER 00000nam^a2200000^a^4500
001 000380945
005 20250521000000.0
009 20260310120629.7
037 |a Acervo ITESO - Biblioteca 
041 |a ALE 
082 |a 813.  |b MAS 
100 |a Masur, Harold Q.  |e (autor) 
245 1 0 |a Scott und die reiche Klientin /  |c H.Q. Masur ; tr. por Tony Westermayr. 
264 4 |a Munich, Alemania :  |b Goldmann,  |c 1964, c1964 
300 |a 190 p. 
336 |a texto  |b txt  |2 rdacontenido 
337 |a sin mediación  |b n  |2 rdamedio 
338 |a volumen  |b nc  |2 rdasoporte 
440 1 |a (Goldman Tasken Krimi ;  |v 3004) 
500 |a Traducción de: Make a Killing 
649 |a XX 
650 |a Novela Norteamericana 
650 |a Literatura Norteamericana -  |y Siglo XX 
910 |a Fondo General 
920 |a Impresos - Libros 
930 |a Colección General 
940 |a Literatura 
905 |a 101 
901 |a 0500275957  |b IT1  |c LIT  |i D78360  |u 20250521 
902 |a https://opac.biblio.iteso.mx/vufind/Record/000380945